000 00499nam a2200145 a 4500
001 000046537
005 20201002052937.0
008 150824s2015 000 spa d
020 _a9789945594096
040 _aDO-SdBNP
_bspa
_cBNPHU
100 1 _aGonzález, Fabián
_974524
245 0 _aGuía salud emocional :. :
_bproyecto creciendo en bienestar, escuela de familias /
_cFabián González.
260 _aSanto Domingo, República Dominicana, :
_bINTEC,
_c2015.
300 _a29 p. :
_bil. : ;
_c26 cm.
999 _c46026
_d46026